Sử dụng thành thạo công cụ vẽ trong corelDRAW 11
Đã lưu trong:
| Hovedforfatter: | |
|---|---|
| Format: | Bog |
| Sprog: | Undetermined |
| Udgivet: |
Hà Nội
Thống kê
2003
|
| Fag: | |
| Tags: |
Tilføj Tag
Ingen Tags, Vær først til at tagge denne postø!
|
| Thư viện lưu trữ: | Trung tâm Học liệu Trường Đại học Cần Thơ |
|---|
| LEADER | 00559nam a2200205Ia 4500 | ||
|---|---|---|---|
| 001 | CTU_62284 | ||
| 008 | 210402s9999 xx 000 0 und d | ||
| 020 | |b 19500 | ||
| 082 | |a 006.68 | ||
| 082 | |b A105 | ||
| 100 | |a Lê Bá An | ||
| 245 | 0 | |a Sử dụng thành thạo công cụ vẽ trong corelDRAW 11 | |
| 245 | 0 | |c Lê Bá An | |
| 260 | |a Hà Nội | ||
| 260 | |b Thống kê | ||
| 260 | |c 2003 | ||
| 650 | |a computer graphics | ||
| 650 | |x computer programs | ||
| 904 | |i Minh | ||
| 980 | |a Trung tâm Học liệu Trường Đại học Cần Thơ | ||